Statistics for NBA MVP Since 2008

Click here to take the quiz!

General Stats

  • This quiz has been taken 29 times
  • The average score is 14 of 15

Answer Stats

HintAnswer% Correct
2020Giannis Antetokounmpo
100%
2019Giannis Antetokounmpo
100%
2013LeBron James
100%
2012LeBron James
100%
2010LeBron James
100%
2009LeBron James
100%
2016Stephen Curry
100%
2015Stephen Curry
100%
2022Nikola Jokic
96%
2021Nikola Jokic
96%
2011Derrick Rose
93%
2018James harden
93%
2008Kobe Bryant
93%
2014Kevin Durant
89%
2017Russell Westbrook
81%

Score Distribution

Percentile by Number Answered

Percent of People with Each Score

Your Score History

You have not taken this quiz